El encuentro : (Registro nro. 12393)

Detalles MARC
000 -LEADER
fixed length control field 00795nam a22002537a 4500
001 - CONTROL NUMBER
control field 0201004578
003 - CONTROL NUMBER IDENTIFIER
control field DO-SdBNP
005 - DATE AND TIME OF LATEST TRANSACTION
control field 20161213095304.0
007 - PHYSICAL DESCRIPTION FIXED FIELD--GENERAL INFORMATION
fixed length control field 0201004578
008 - FIXED-LENGTH DATA ELEMENTS--GENERAL INFORMATION
fixed length control field 161213b 2007 ck a ||||| |||| 00| 0 spa d
020 ## - INTERNATIONAL STANDARD BOOK NUMBER
International Standard Book Number 8428507961
040 ## - CATALOGING SOURCE
Original cataloging agency BPMSU
Language of cataloging spa
Transcribing agency BPMSU
082 ## - DEWEY DECIMAL CLASSIFICATION NUMBER
Classification number xxxx
Item number xxxx
110 ## - MAIN ENTRY--CORPORATE NAME
Subordinate unit Huelva (Diócesis). Secretariado Diocesano de Catequesis.
245 10 - TITLE STATEMENT
Title El encuentro :
Remainder of title iniciación a la Penitencia y a la Eucaristía /
Statement of responsibility, etc. [Francisco Echevarría ... et al.]
250 ## - EDITION STATEMENT
Edition statement 30ª ed.
260 ## - PUBLICATION, DISTRIBUTION, ETC. (IMPRINT)
Place of publication, distribution, etc. Madrid :
Name of publisher, distributor, etc. Paulinas,
Date of publication, distribution, etc. 1980.
300 ## - PHYSICAL DESCRIPTION
Extent 111 p. :
Other physical details il. ;
Dimensions 24 cm.
490 1# - SERIES STATEMENT
Series statement Catecumenado infantil
700 12 - ADDED ENTRY--PERSONAL NAME
Personal name Echevarría, Francisco
830 #0 - SERIES ADDED ENTRY--UNIFORM TITLE
Uniform title Catecumenado infantil
942 ## - ADDED ENTRY ELEMENTS (KOHA)
Source of classification or shelving scheme Dewey Decimal Classification
Koha item type Libros
956 ## - LOCAL ELECTRONIC LOCATION AND ACCESS (OCLC)
Access method LOPEREZ
Materials specified 10
Linkage 20161213
Field link and sequence number BPMSU
Host name 00041
Existencias
Withdrawn status Lost status Source of classification or shelving scheme Damaged status Not for loan Collection code Home library Current library Date acquired Source of acquisition Total Checkouts Full call number Barcode Date last seen Price effective from Koha item type
    Dewey Decimal Classification     Colección Infantil General Biblioteca Pública Metropolitana Salomé Ureña Biblioteca Pública Metropolitana Salomé Ureña 12/13/2016 Donación   xxxx xxxx BPMSU16120270 12/13/2016 12/13/2016 Libros